పటంతో తెలంగాణ జిల్లాలు పరీక్ష - Statistics

General Stats
  • This quiz has been taken 4 times
  • The average score is 19 of 33
Answers on the Map
Answers color-coded by a green-red scale on the quiz's map according to % correct below.
 
Answer Stats
జిల్లా % Correct
రంగారెడ్డి
100%
మహబూబ్ నగర్
100%
హైదరాబాద్
100%
మెదక్
100%
నిజామాబాద్
100%
ఆదిలాబాద్
100%
సూర్యాపేట
100%
ఖమ్మం
100%
వరంగల్
100%
హనుమకొండ
100%
జోగులాంబ గద్వాల్
50%
నారాయణపేట
50%
వికారాబాద్
50%
వనపర్తి
50%
మేడ్చల్-మల్కాజ్‌గిరి
50%
సంగారెడ్డి
50%
నిర్మల్
50%
కుమురం భీం ఆసిఫాబాద్
50%
జగిత్యాల్
50%
రాజన్న సిరిసిల్ల
50%
నల్గొండ
50%
యాదాద్రి భువనగిరి
50%
సిద్దిపేట
50%
భద్రాద్రి కొత్తగూడెం
50%
మహబూబాబాద్
50%
ములుగు
50%
జయశంకర్ భూపాలపల్లి
50%
పెద్దపల్లి
50%
నాగర్ కర్నూల్
0%
కామారెడ్డి
0%
మంచిర్యాల
0%
జనగామ
0%
కరీంనగర్
0%
No matching quizzes found
Score Distribution
Percent of People with Each Score
Percentile by Number Answered
Your Score History
You have not taken this quiz